HERBAL DRUGS INDUSTRY (Record no. 8089)

MARC details
000 -LEADER
fixed length control field 00465nam a22001817a 4500
005 - DATE AND TIME OF LATEST TRANSACTION
control field 20230110143138.0
008 - FIXED-LENGTH DATA ELEMENTS--GENERAL INFORMATION
fixed length control field 221217b |||||||| |||| 00| 0 eng d
020 ## - INTERNATIONAL STANDARD BOOK NUMBER
ISBN 978-81906467-2-7
041 ## - LANGUAGE CODE
Language code of text/sound track or separate title eng
082 ## - DEWEY DECIMAL CLASSIFICATION NUMBER
Classification number 338.4 RAJ-H
100 ## - MAIN ENTRY--AUTHOR NAME
Personal name RAJPAL ,V. ,KHOLI ,D.P.S
245 ## - TITLE STATEMENT
Title HERBAL DRUGS INDUSTRY
250 ## - EDITION STATEMENT
Edition statement 2nd ed.
260 ## - PUBLICATION, DISTRIBUTION, ETC. (IMPRINT)
Place of publication NEW DELHI
Name of publisher EASTERN PUBLISHERS
Year of publication 2009
300 ## - PHYSICAL DESCRIPTION
Number of Pages 422;P.
650 ## - SUBJECT ADDED ENTRY--TOPICAL TERM
Topical Term PHARMACY
General subdivision B.PHARMA
942 ## - ADDED ENTRY ELEMENTS (KOHA)
Koha item type Books
Holdings
Lost status Damaged status Collection code Home library Current library Shelving location Date acquired Source of acquisition Full call number Accession Number Koha item type
    Reference JRU Library JRU Library SHELF-3-B 20/09/2022 LOHIA BOOK INTERNATIONAL 338.4-RAJ-H 27019 Books